| 000 | | | 04766nmc2a22003131x 450 |
| 001 | | | c764ba51-bd4b-46d0-b8e2-871b0a434a4b |
| 005 | | | 20131031050434.0 |
| 100 | ## | $a | 20130605l19141915k y0rusy50 ca |
| 101 | 0# | $a | rus |
| 102 | ## | $a | RU |
| 105 | ## | $a | a z |||e| |
| 122 | 2# | $a | d19140906 |
| | $a | d19151212 |
| 200 | 1# | $a | Переписка Постоянного совета с уполномоченными об организации XI съезда уполномоченных, списки уполномоченных, регистрационные списки заседаний съезда, протоколы заседаний съезда, решения съезда, проект обращения к Николаю II, письма Постоянного совета к Борну П. Л., к Горемыкину И. Л. о решениях съезда |
| | $j | 6 сентября 1914 - 12 декабря 1915 |
| 215 | ## | $a | 656 листов |
| | $c | марки, табл. |
| 251 | ## | $c | Дело |
| 300 | ## | $a | В деле имеются телеграммы |
| 300 | ## | $a | Листы: 45, 50, 55, 57, 59, 62, 67, 76, 80, 83, 84, 86, 88 - конверты, марки почтовые; 37 - следы от наклеенной марки |
| 300 | ## | $a | Часть документов напечатана типографским способом, часть - на пишущей машинке, часть - рукописная |
| 330 | ## | $a | I. Материалы съездов объединенных дворянских обществ /1906-1917 гг./ |
| 461 | #0 | $1 | 001b6db1e6b-efcc-4108-961b-a8f75be6354f |
| | $1 | 2001 |
| | $a | Постоянный совет объединенных дворянских обществ |
| | $1 | 251 |
| | $c | Фонд |
| | $1 | 852 |
| | $j | 434 |
| 462 | #0 | $1 | 001376737bd-14a2-4097-a3d5-a02b2aa0e2d3 |
| | $1 | 2001 |
| | $a | Постоянный совет объединенных дворянских обществ. 1906-1917 гг. |
| | $1 | 251 |
| | $c | Опись |
| | $1 | 852 |
| | $j | 1 |
| 600 | #1 | $a | Борн |
| | $b | П. Л. |
| 600 | #1 | $a | Горемыкин |
| | $b | И. Л. |
| 600 | #0 | $a | Николай |
| | $c | имп. |
| | $d | II |
| 601 | 02 | $3 | RU\NLR\AUTH\8810165427 |
| | $a | Постоянный совет объединенных дворянских обществ |
| | $c | Петербург |
| 601 | 12 | $3 | RU\NLR\AUTH\8810165611 |
| | $a | Съезд уполномоченных дворянских обществ |
| | $d | 11 |
| | $f | 1915 |
| | $e | Санкт-Петербург |
| 801 | #0 | $a | RU |
| | $b | GA_RF |
| 801 | #1 | $a | RU |
| | $b | НПО Опыт |
| | $c | 20130605 |
| | $2 | rusmarc |
| 801 | #2 | $a | RU |
| | $b | ПБ им. Б.Н. Ельцина |
| | $c | 20131031 |
| | $g | RCR |
| | $2 | rusmarc |
| 852 | ## | $a | ГА РФ |
| | $j | 41 |
| 937 | ## | $d | 40011349 |
| | $h | ПБ |
| 035 | ## | $a | RuPRLIB51006764 |